Sociálna politika Európskej únie diplomová práca

Guardado en:
Detalles Bibliográficos
Autor principal: Petrík, Michal
Autor Corporativo: Fakulta medzinárodných vzťahov EU. Katedra medzinárodných ekonomických vzťahov a hospodárskej diplomacie
Otros Autores: Rusiňák, Peter
Formato: Libro
Lenguaje:eslovaco
Publicado: Bratislava 2009
Etiquetas: Agregar Etiqueta
Sin Etiquetas, Sea el primero en etiquetar este registro!

MARC

LEADER 00000nam$a2200000$$$4500
001 0104584
005 20240318140941.0
041 0 |a slo 
044 |a SK 
245 1 0 |a Sociálna politika Európskej únie  |b diplomová práca  |c Michal Petrík ; škol. Peter Rusiňák 
264 1 |a Bratislava  |c 2009 
300 |a 60 s. 
100 1 |a Petrík, Michal 
700 1 |a Rusiňák, Peter 
710 2 |a Fakulta medzinárodných vzťahov EU. Katedra medzinárodných ekonomických vzťahov a hospodárskej diplomacie